| 000 | 00492nam a22001937a 4500 | ||
|---|---|---|---|
| 003 | CEME | ||
| 005 | 20210628201955.0 | ||
| 008 | 210209b xxu||||| |||| 00| 0 eng d | ||
| 020 | _a9-814-12638-1 | ||
| 040 | _c. | ||
| 082 | _a526 ELE | ||
| 100 |
_aRobinson, Arthur H ,Morrison, Joel L ,Muehrcke, Phillip C _957672 |
||
| 245 | _aElements of cartography | ||
| 250 | _a6TH | ||
| 260 |
_aNEW YORK _bJOHN WILEY _c2002 |
||
| 300 | _a675P | ||
| 650 |
_aCARTOGRAPHY _921312 |
||
| 942 |
_cBK _2ddc |
||
| 999 |
_c567946 _d567946 |
||